| 000 | 01616aam a2200313 i 4500 | ||
|---|---|---|---|
| 001 | 768714001 | ||
| 003 | CO-MdFUSB | ||
| 005 | 20250502164440.0 | ||
| 007 | ta | ||
| 008 | 250502t2007 sp |||| |||| 00| 0 spa d | ||
| 020 | _a978-84-301-1633-1 | ||
| 040 | _cCO-MdFUSB | ||
| 041 | _aspa | ||
| 082 | 0 | 4 |
_a241 _223 _bF593m |
| 100 | 1 |
_aFlecha, José-Román 1941- _eautor |
|
| 245 | 1 | 0 |
_aMoral social : _bla vida en comunidad _c/ José-Román Flecha Andrés |
| 264 | 1 |
_bEdiciones Sígueme, _aSalamanca, España : _c[2007] |
|
| 264 | 4 | _c©2007 | |
| 300 |
_a589 páginas _c; 21 cm |
||
| 336 |
_atexto _btxt _2rdacontent |
||
| 337 |
_2rdamedia _asin mediación _bn |
||
| 338 |
_2rdacarrier _avolumen _bnc |
||
| 490 | 0 | _aVida en Cristo , no.5 | |
| 505 |
_gI PARTE: _tPremisas y fundamentos: _aFe cristiana y moral social -- El hombre, centro de la cuestión social -- Verdad, justicia, amor y libertad como normas éticas para la convivencia -- Valores éticos en una sociedad plural. _gII PARTE: _tEscenarios y problemas: _aLos derechos humanos -- La familia -- La demografía como cuestión ética -- El trabajo humano -- la migración -- La opción por los pobres -- salud y enfermedad -- poder y autoridad -- Legalidad y ética -- El voluntariado -- Medios de comunicación social -- El dinero , el mercado y los mercados -- El desafío de la globalización -- Ecología y fe cristiana -- La guerra y la paz. _gIII PARTE: _tDesafíos y esperanza: _aResponsabilidad moral ante la nueva cultura -- La esperanza escatológica |
||
| 563 | _aRústico | ||
| 653 | _aTeología social | ||
| 942 | _cBK | ||
| 945 | _aJTF-925 | ||
| 999 |
_c44452 _d44452 |
||